kultura mangyan: (Record no. 9420)

MARC details
000 -LEADER
fixed length control field 00534nam a22001697a 4500
003 - CONTROL NUMBER IDENTIFIER
control field OSt
005 - DATE AND TIME OF LATEST TRANSACTION
control field 20260415004258.0
008 - FIXED-LENGTH DATA ELEMENTS--GENERAL INFORMATION
fixed length control field 260415b |||||||| |||| 00| 0 eng d
040 ## - CATALOGING SOURCE
Original cataloging agency DWCL GS lib
Transcribing agency OC
082 ## - DEWEY DECIMAL CLASSIFICATION NUMBER
Classification number SC. 306 K96 2005
100 ## - MAIN ENTRY--PERSONAL NAME
Personal name Postma, Antoon
245 ## - TITLE STATEMENT
Title kultura mangyan:
Remainder of title tinipon ni bapa
Statement of responsibility, etc. Antoon Postma
260 ## - PUBLICATION, DISTRIBUTION, ETC.
Place of publication, distribution, etc. Philippines
Name of publisher, distributor, etc. Mangyan Heritage Center
Date of publication, distribution, etc. c2005
300 ## - PHYSICAL DESCRIPTION
Extent 483
Other physical details illustrations
Dimensions 28cm
700 ## - ADDED ENTRY--PERSONAL NAME
Personal name Antoon Postma
942 ## - ADDED ENTRY ELEMENTS (KOHA)
Source of classification or shelving scheme Dewey Decimal Classification
Koha item type Special Collection
Classification part SC 306 K96 2005
Suppress in OPAC No

No items available.